New frontiers for freedom.

Bibliographic Details
Main Author: Canham, Erwin D. (Erwin Dain), 1904-1982
Format: Book
Language:English
Published: New York : Longmans, Green, 1954.
Edition:[1st ed.].
Subjects:

MARC

Tag First Indicator Second Indicator Subfields
LEADER 00000cam a2200000 4500
001 in00000067162
005 20151008051318.0
008 741029s1954 nyu 00000 eng u
010 |a  54009203  
035 |a (OCoLC)01059237 
035 |9 AAG7117AM 
040 |c COO  |d TXA  |d UtOrBLW 
049 |a TXAM  |c [234655] 
050 0 0 |a E169.1  |b .C24 1954 
082 0 |a 330.973 
092 |a 330.973  |b C222n 
100 1 |a Canham, Erwin D.  |q (Erwin Dain),  |d 1904-1982. 
245 1 0 |a New frontiers for freedom. 
250 |a [1st ed.]. 
264 1 |a New York :  |b Longmans, Green,  |c 1954. 
300 |a 116 pages ;  |c 20cm. 
336 |a text  |b txt  |2 rdacontent 
337 |a unmediated  |b n  |2 rdamedia 
338 |a volume  |b nc  |2 rdacarrier 
650 0 |a Liberalism. 
651 0 |a United States  |x Civilization. 
651 0 |a United States  |x Economic policy. 
651 0 |a United States  |x Social conditions. 
999 |a MARS 
999 f f |s 08cbc2ce-a43a-3049-8fa4-333286122e84  |i cfb9f2af-4b22-3381-a46c-58bf5eff7c8d  |t 0 
952 f f |p ric  |a Texas A&M University  |b Rellis Campus  |c Joint Library Facility  |d Remote Storage  |t 0  |e E169.1 .C24 1954  |h Library of Congress classification  |i unmediated -- volume  |m A14800706255 
998 f f |a E169.1 .C24 1954  |t 0  |l Remote Storage